| 000 | 01264nam a2200313 c 4500 | ||
|---|---|---|---|
| 003 | BLK | ||
| 005 | 20180420222923.0 | ||
| 008 | 180408b bul|||||r ||||||| ||bul|| | ||
| 010 | _aKNG00064118000 | ||
| 040 | _aBLK | ||
| 041 |
_aBUL _cBUL |
||
| 080 |
_aСелскостопански машини и инструменти. Селскостопанско машиностроене _b631.3 _x(075.8) _z631.3(075.8) |
||
| 100 | 1 |
_aГеоргиев, Иван Николов _eпърви автор _9289492 |
|
| 139 |
_aГеоргиев, Иван Николов _bГ 37 |
||
| 245 | 1 | 0 |
_aПроектиране на селскостопанските машини _cИван Николов Георгиев. |
| 257 | _aBGR | ||
| 260 |
_аРусе _bВТУ Ангел Кънчев _c1985 |
||
| 300 |
_a304 с. _bсъс сх., табл, диагр. _c21 см |
||
| 380 | _a63 | ||
| 500 | _aБиблиогр. с. 297-298. | ||
| 504 | _a297-298 | ||
| 650 | 4 |
_aСелскостопански машини и оръдия - проектиране _9277363 |
|
| 653 | _aселскостопански машини | ||
| 852 | _aЦб 131448 | ||
| 856 | 4 |
_qpdf _u |
|
| 856 | 4 |
_qpdf _u |
|
| 942 |
_cKNG _n0 |
||
| 944 |
_aCR _c13.06.2004 _kНаталия_Медовщикова |
||
| 944 |
_aED _c02.06.2009 _k |
||
| 999 |
_c59990 _d59990 |
||